|
|
|
|
| LEADER |
00000nab a2200000 a 4500 |
| 001 |
vtls000109303 |
| 003 |
SK-MaSNL |
| 005 |
20260303024409.0 |
| 008 |
220422c1981 xo 0 slo |
| 015 |
|
|
|a SNBRB19rr/mm-uuuuu
|
| 035 |
|
|
|a CL0119406
|
| 040 |
|
|
|a SNKBUCL
|b slo
|c SNKBUCL
|e AACR2
|
| 041 |
0 |
|
|a slo
|
| 044 |
|
|
|a xo
|c SK
|
| 080 |
|
|
|a 614.2
|2 1981
|
| 100 |
1 |
|
|a Tökolyová, Eva
|4 aut
|9 1007953
|
| 245 |
1 |
0 |
|a Zdravie je naším bohatstvom
|c Eva Tökolyová, Radko Menkyna, M. Melicher
|
| 300 |
|
|
|b Obr. 5.
|
| 650 |
0 |
7 |
|a zdravotníctvo
|2 snkbucl
|9 1269
|
| 651 |
|
7 |
|a 5100
|2 snkbucl
|9 166206
|
| 655 |
|
7 |
|a články z novín a časopisov
|2 snkbucl
|9 267496
|
| 700 |
1 |
|
|a Menkyna, Radko,
|d 1926-2012
|4 aut
|9 190070
|
| 700 |
1 |
|
|a Melicher, M.
|4 aut
|9 925985
|
| 773 |
0 |
|
|t Bratislava
|g Roč. 8, č. 4 (1981), s. 14-15
|
| 850 |
|
|
|a Slovenská národná knižnica v Martine
|a MTA001
|
| 852 |
|
|
|a SNK
|b KIS3GCP
|
| 958 |
|
|
|a RK
|
| 958 |
|
|
|a ME
|
| 992 |
|
|
|a RBX
|
| 999 |
|
|
|c 1640247
|d 1642177
|